000 01185nmm a2200361 a 4500
001 ocm0001865137
003 TR-IsHL
005 20201028171728.0
008 180330s2017 tu tur
007 cr cn
020 _a9786055878429
035 _a1865137
_b(N$T)
050 0 4 _aPL175
_b.E77 2017
090 0 4 _aPL175
_b.E77 2017
100 1 _aEr, Sırrı
245 1 0 _aEtkili ve güzel konuşma sanatı
_h[electronic resource] /
_cSırrı Er ; yayın editörü Esranur Bayrak
260 _aİstanbul :
_bHayat Yayınları,
_c2017
300 _a345 p.
500 _aKaynakça var.
_x
650 4 _aDil ve Edebiyat
650 4 _aLanguage and Literature
650 0 _aTürk dili
_x 20. yüzyıl
650 0 _aTurkish language
_x 20th century
650 0 _aTürk dili
_x Stil
650 0 _aTurkish language
_x Style
650 0 _aTürk dili
_x Kullanım
650 0 _aTurkish language
_x Usage
650 0 _aDil ve kültür
650 0 _aLanguage and culture
650 7 _aLANGUAGE ARTS & DISCIPLINES / Speech
_2bisacsh
700 1 _aBayrak, Esranur
856 4 0 _uhttp://search.ebscohost.com/login.aspx?direct=true&scope=site&db=e011xww&AN=1865137
999 _c16846
_d16846